| 000 | 00543cam a2200193 4500 | ||
|---|---|---|---|
| 001 | D6217 | ||
| 008 | 090401t1973 xxu||||| |||| 00| 0 eng d | ||
| 035 | _a(Sirsi) u91366 | ||
| 041 | _aeng | ||
| 050 | _a692.8 | ||
| 110 |
_aJoint Contracts Tribunal _93664 |
||
| 245 | _aStandard form of building contract for use with quantities: local authorities edition 1963 edition (July 1973 revision) | ||
| 260 |
_aLondon _bRIBA _c1973 |
||
| 300 | _a32p. 30cm | ||
| 350 | _a1 | ||
| 520 | _aFiled at JCT 1973/1A | ||
| 942 | _n0 | ||
| 948 | _c04/03/1997 | ||
| 999 |
_c97632 _d97632 |
||